Revista Romana de conservare si restaurare a Cartii

Detalles Bibliográficos
Formato: Electrónico Revista
Lenguaje:rumano
inglés
Publicado: Bucharest, Romania : National Library of Romania (Biblioteca Nationale a Romaniei), 2008-
Materias:
Acceso en línea:Full text available from Research Library: 01/01/2008 to 12/31/2013
Full text available from Research Library: 01/01/2015 to 01/31/2019

MARC

LEADER 00000nas a2200000 i 4500
001 ssj0001077872
003 WaSeSS
005 20200512172242.0
006 m d
007 cr n
008 140107u2008uuuurm a| p|s|||||| |0rum d
035 |a (WaSeSS)ssj0001077872 
040 |a WaSeSS  |b eng  |c WaSeSS  |d WaSeSS 
041 |a rum  |a eng 
043 |a e-rm--- 
050 1 4 |a Z701.4.R6 
245 0 0 |a Revista Romana de conservare si restaurare a Cartii  |h [electronic resource]. 
260 |a Bucharest, Romania :  |b National Library of Romania (Biblioteca Nationale a Romaniei),  |c 2008- 
310 |a Annual 
362 1 |a Began with Volume 1 (1) (2008). 
506 |a License restrictions may limit access. 
546 |a In Romanian and English. 
588 |a Description based on: Volume 1 (1) (2008); title from article pdf (ProQuest, viewed Jan. 7, 2014). 
588 |a Latest issue consulted: Volume 4 (4) (2011) (viewed Jan. 7, 2014). 
650 0 |a Books  |x Conservation and restoration  |z Romania  |v Periodicals. 
655 0 |a Electronic journals. 
776 0 8 |i Print version:  |t Revista Romana de conservare si restaurare a Cartii  |x 2067-2624 
856 4 0 |z Full text available from Research Library: 01/01/2008 to 12/31/2013  |u https://search.proquest.com/publication/105848 
856 4 0 |z Full text available from Research Library: 01/01/2015 to 01/31/2019  |u https://search.proquest.com/publication/105848